000 00712nam a22001937a 4500
999 _c15430
_d15430
003 AR-CdUCM
008 190427b ||||| |||| 00| 0 spa d
040 _aMUNICIPALIDAD PROVINCIAL DEL CUSCO
_cBIBLIOTECA MUNICIPAL DEL CUSCO
082 _a869.55 /
_bC55 / 1939
100 _aCisneros, Luis Benjamín
_911879
245 _aObras completas de Luis Benjamín Cisneros :
_bMandadas publicar por el gobierno del Perú /
260 _aLima :
_bGil,
_c1939.
300 _a383 paginas ;
_c21 cm.
505 _aContenido :De libres alas --Aurora amor --Poesías ineditas --Alfredo el sevillano /
650 _aLiteratura peruana
_9169
650 _aPoesias
_92556
942 _2ddc
_cLIBROS
945 _arjall
_d2019-04-27